000 00530nam a22001817a 4500
005 20170112124202.0
010 _aENG-117058
020 _a9789385288333
_c250.00.00
035 _aEN-100590
037 _bDBAD/PUB
082 _aS
100 _aJames,M.R.
245 _a The creture on the moonlit road :
_bmore stories of the supernatural /
_cby M.R. James
260 _aNew Delhi
_bSpeaking Tiger
_c2016
270 _a4381/4 Ansari Road,Daryaganj
_bNew Delhi
_e110002
300 _a176
_c20cm(pbk)
942 _2ddc
_cEN
_hS
_mJAM
999 _c105827
_d105827